The Father / directed by Florian Zeller ; produced by David Parfitt, Jean-Louis Livi, Philippe Carcassonne, Christophe Spadone, Simon Friend ; written by Florian Zeller, Christopher Hampton. (Record no. 20916)
| 000 -LEADER | |
|---|---|
| fixed length control field | 01612nam a22002657a 4500 |
| 008 - FIXED-LENGTH DATA ELEMENTS--GENERAL INFORMATION | |
| fixed length control field | 250528b xxu||||| |||| 00| 0 eng d |
| 040 ## - CATALOGING SOURCE | |
| Transcribing agency | Cagayan State University |
| 082 ## - DEWEY DECIMAL CLASSIFICATION NUMBER | |
| Edition number | 791.4372 |
| Classification number | F252 2020 |
| 245 ## - TITLE STATEMENT | |
| Title | The Father / directed by Florian Zeller ; produced by David Parfitt, Jean-Louis Livi, Philippe Carcassonne, Christophe Spadone, Simon Friend ; written by Florian Zeller, Christopher Hampton. |
| 260 ## - PUBLICATION, DISTRIBUTION, ETC. (IMPRINT) | |
| Place of publication, distribution, etc | France : |
| Name of publisher, distributor, etc | UCG Distribution, |
| Date of publication, distribution, etc | 2020. |
| 300 ## - PHYSICAL DESCRIPTION | |
| Extent | 1 videofile, (ca. 97 mins.) : |
| Other physical details | sound, color. |
| 520 ## - SUMMARY, ETC. | |
| Summary, etc | Having scared off his latest caregiver, Anthony, an ailing octogenarian Londoner gradually succumbing to dementia, feels abandoned when his concerned daughter, Anne, tells him she's moving to Paris. Confused and upset, debilitated by his rapid mental decline and warped perspective, Anthony loses his grip on reality as he struggles to navigate the opaque landscape of the present and past. As a result, fading memories and glimpses of lucidity trigger sudden mood swings, distorting Anthony's surroundings, loved ones, and even time. But why has his younger daughter stopped visiting? And who are the strangers that burst in on Anthony?—Nick Riganas |
| 546 ## - LANGUAGE NOTE | |
| Language note | In English subtitle. |
| 650 ## - SUBJECT ADDED ENTRY--TOPICAL TERM | |
| Topical term or geographic name as entry element | Drama. |
| 650 ## - SUBJECT ADDED ENTRY--TOPICAL TERM | |
| Topical term or geographic name as entry element | Mystery. |
| 700 ## - ADDED ENTRY--PERSONAL NAME | |
| Personal name | Hopkins, Anthony, star. |
| 700 ## - ADDED ENTRY--PERSONAL NAME | |
| Personal name | Colman, Olivia, star. |
| 700 ## - ADDED ENTRY--PERSONAL NAME | |
| Personal name | Gatiss, Mark, star. |
| 700 ## - ADDED ENTRY--PERSONAL NAME | |
| Personal name | Poots, Imogen, star. |
| 700 ## - ADDED ENTRY--PERSONAL NAME | |
| Personal name | Sewell, Rufus, star. |
| 700 ## - ADDED ENTRY--PERSONAL NAME | |
| Personal name | Williams, Olivia, star. |
| 700 ## - ADDED ENTRY--PERSONAL NAME | |
| Personal name | Smithard, Ben, cinematographer. |
| 700 ## - ADDED ENTRY--PERSONAL NAME | |
| Personal name | Lamprinos, Yorgos, editor. |
| 942 ## - ADDED ENTRY ELEMENTS (KOHA) | |
| Source of classification or shelving scheme | |
| Item type | Audio-Visual Materials |
No copies available.